| LEADER 00000nam 2200000uu 4500 |
| 001 13399108609 |
| 003 ULIB |
| 008 110223s2552||||th 000 0 tha d |
| 020 ^a9746106724 (ล.1)
|
| 020 ^a9746107666 (ล.2)
|
| 060 04 ^aWA546^bส747อ 2552
|
| 245 00 ^aเอกสารการสอนชุดวิชาอนามัยชุมชน =^bCommunity health /^cสาขาวิชาคหกรรมศาสตร์มหาวิทยาลัยสุโขทัยธรรมาธิราช
|
| 246 31 ^acommunity health
|
| 250 ^aพิมพ์ครั้งที่ 18
|
| 260 ^aกรุงเทพฯ :^bสำนักพิมพ์ มสธ.,^c2552
|
| 300 ^a2 เล่ม
|
| 500 ^aล. 1 หน่วยที่ 1-7 - - ล. 2 หน่วยที่ 8-15
|
| 520 ^aหนังสือเล่มนี้เสนอเนื้อหาเกี่ยวกับการรักษาสุขภาพอนามัยส่วนบุคคลของครอบครัว และชุมชน อาทิเช่น เรื่องอาชีวอนามัยในสถานประกอบการ การป้องกันอุบัติภัยในครอบครัวและชุมชน ครอบครัวกับการป้องกันมลพิษในชุมชน ยาและสิ่งเสพติด การส่งเสริมสุขภาพจิตในครอบครัวและชุมชน การให้สุขศึกษาในครอบครัว โรงเรียนและชุมชน ที่อยู่อาศัยกับสุขภาพ และการบริการสุขภาพอนามัยในครอบครัวและชุมชน
|
| 650 7 ^aปฐมพยาบาล
|
| 650 7 ^aโรค^xการป้องกันและรักษา
|
| 650 7 ^aอนามัยชุมชน, การบริการ
|
| 710 2 ^aมหาวิทยาลัยสุโขทัยธรรมาธิราช. ^bสาขาวิชาคหกรรมศาสตร์
|
| 740 02 ^aเอกสารการสอนชุดวิชาอนามัยชุมชน
|
| 999 ^aสุณิสา
|